| 000 | 01747nab a2200265 i 4500 | ||
|---|---|---|---|
| 003 | BR-BrBNA | ||
| 005 | 20250415141857.0 | ||
| 008 | 250415b2016 bl.qr|pooa||| 00| 0 por | | ||
| 040 |
_aBR-BrBNA _bpor |
||
| 072 | _aF70 | ||
| 100 | _aGaglioti, André Luiz | ||
| 100 | _aAlmeida-Scabbia, Renata Jimenez de | ||
| 100 | _aRomaniuc-Neto, Sergio | ||
| 245 | _aFlora das cangas da Serra dos Carajás, Pará, Brasil: Urticaceae | ||
| 500 | _aPublicação on-line; 13 ref.; 1 illus.; Summaries (En, Pt) | ||
| 520 | _a Resumo Este estudo engloba as espécies de Urticaceae registradas nas vegetações de cangas da Serra dos Carajás, Pará, trazendo descrições detalhadas, ilustrações e comentários morfológicos das espécies. Foram encontrados cinco gêneros e sete espécies de Urticaceae para a área de estudo. Palavras-chave: Cecropieae, conservação, FLONA Carajás, taxonomia, Urticeae. Abstract This study encompasses the species of Urticaceae registered for the cangas of Serra dos Carajás, Pará state, bringing detailed descriptions, illustrations and morphological comments of the species. Five genera and seven species of Urticaceae for the study area were found. Key words: Cecropieae, conservation, FLONA Carajás, taxonomy, Urticeae. | ||
| 650 | _aCONSERVAÇÃO | ||
| 650 | _aCARAJÁS | ||
| 650 | _aTAXONOMIA | ||
| 650 | _aURTICACEAE | ||
| 773 | 0 |
_0709 _9349694 _dRio de Janeiro-RJ Jardim Botanico do Rio de Janeiro 1935 _o2025-2214 _tRodriguésia (Brazil) _x0370-6583; 2175-7860 on-line _gv. 67(5 special number) p. 1485-1492; (2016) _wBR2025000691 |
|
| 856 | _uhttps://www.scielo.br/j/rod/a/sZfVcQ86jzgCPFKdbF9dCPy/?format=pdf&lang=pt | ||
| 942 | _cANA | ||
| 999 |
_c331051 _d331051 |
||